Gobernanza y gestión pública
Saved in:
| Hovedforfatter: | |
|---|---|
| Format: | Ukendt |
| Sprog: | engelsk |
| Udgivet: |
México, D.F., México:
Fondo de Cultura Económica,
2006
|
| Udgivelse: | Primera edición |
| Serier: | Colección Administración Pública
|
| Fag: | |
| Tags: |
Tilføj Tag
Ingen Tags, Vær først til at tagge denne postø!
|
MARC
| LEADER | 00000 a2200000 4500 | ||
|---|---|---|---|
| 003 | CL-VaPUC | ||
| 005 | 20220112144001.0 | ||
| 008 | 220106b2006 ||||| |||| 00| 0 eng d | ||
| 999 | |c 434216 |d 434214 | ||
| 020 | |a 9681681339 | ||
| 040 | |c Pontificia Universidad Católica de Valparaíso | ||
| 082 | 7 | |a 351 AGU 2006 |2 22 | |
| 100 | |a Aguilar Villanueva, Luis F. |9 428341 |e autor | ||
| 245 | 1 | |a Gobernanza y gestión pública | |
| 250 | |a Primera edición | ||
| 260 | |a México, D.F., México: |b Fondo de Cultura Económica, |c 2006 | ||
| 300 | |a 500 páginas | ||
| 490 | |a Colección Administración Pública | ||
| 583 | |k Cristina María Rojas Aguilar |c 20220106 | ||
| 650 | 0 | |a Administración pública |9 255343 | |
| 942 | |2 ddc |c BK | ||
| 952 | |0 0 |1 0 |2 ddc |4 0 |6 351_000000000000000_AGU_2006 |7 0 |8 A |9 580170 |a BIBING |b BIBING |c GEN |d 2022-01-06 |e 3 |g 19736.70 |i 5633672 |o 351 AGU 2006 |p 5633672 |r 2025-01-20 |t 1 |v 19736.70 |w 2022-01-06 |y BK |k GEO | ||
| 952 | |0 0 |1 0 |2 ddc |4 0 |6 351_000000000000000_AGU_2006 |7 0 |8 A |9 580172 |a BIBING |b BIBING |c GEN |d 2022-01-06 |e 3 |g 19736.70 |i 5633699 |o 351 AGU 2006 |p 5633699 |r 2025-01-20 |t 3 |v 19736.70 |w 2022-01-06 |y BK |k GEO | ||
| 952 | |0 0 |1 0 |2 ddc |4 0 |6 351_000000000000000_AGU_2006 |7 0 |8 A |9 580173 |a BIBING |b BIBING |c GEN |d 2022-01-06 |e 3 |g 19736.70 |i 5633680 |o 351 AGU 2006 |p 5633680 |r 2025-01-20 |t 2 |v 19736.70 |w 2022-01-06 |y BK |k GEO | ||